LEADER 00874nam a2200229 i 4500 001 000000062050 003 CaOOAMICUS 005 20071217000000.0 008 071217s1958 it u000 u ita u 013 $a33222 040 $aSeMil$bita 100 1 $aLaxness, Halldór Kiljan ,$d<1902-1998>.$0(OLS)http://semarc/name/31492 245 10$aSalka valka /$cRomanzo di Halldor Kiljan Laxness. 260 $a[Milano] :$bArnoldo Mondadori Editore,$c1958. 300 $a512 p. ;$c20 cm. 490 0 $aMedusa ;$v402. 830 0$aMedusa ;$v402.$0(OLS)http://semarc/title/6850 850 $aSeMil 852 $aSeMil$W1$xVenegono$y1$m1O I 167$j28203$B28203$CSeMilBibl$Z2$F28206 $81 961 $aOmaggio: Ghiringhelli prof. Livio 996 $6245$aSalka valka$9(OLS)http://semarc/title/97621 996 $6260$a[Milano] :$bArnoldo Mondadori Editore$9(OLS)http://semarc/publisher/29634 LEADER 00996nam a2200217 i 4500 001 000000110448 003 CaOOAMICUS 005 20100301000000.0 008 100301s1967 xxk u000 u eng u 013 $a83129 040 $aSeMil$bita 100 1 $aPatterson, L. G.$0(OLS)http://semarc/name/46334 245 10$aGod and history in early christian thought :$bA Study of Themes from Justin Martyr to Gregory the Great /$cBy L. G. Patterson. 260 $aLondon :$bAdam & Charles Black,$ccopyr. 1967. 300 $aX, 164 p. ;$c23 cm. 490 0 $aStudies in Patristic thought 830 0$aStudies in Patristic thought.$0(OLS)http://semarc/title/30807 850 $aSeMil 852 $aSeMil$W1$xVenegono$y1$m2T I 215$j66335$B66335$CSeMilBibl$Z2$F73299 $81 996 $6245$aGod and history in early christian thought :$bA Study of Themes from Justin Martyr to Gregory the Great$9(OLS)http://semarc/title/160564 996 $6260$aLondon :$bAdam & Charles Black$9(OLS)http://semarc/publisher/34510 LEADER 00818nam a2200229 i 4500 001 000000159610 003 CaOOAMICUS 005 20070228000000.0 008 070228s2000 it u000 u ita u 013 $a136973 020 $a88-04-47659-1 040 $aSeMil$bita 245 10$aGenesi e gli altri libri del Pentateuco. 300 $aXXXV, 383 p. 490 0 $aOscar varia 773 0 $tLibri di Dio.$dMilano : Oscar Mondadori, 2000.$g1$w()17366 830 0$aOscar varia.$0(OLS)http://semarc/title/22930 850 $aSeMil 852 $aSeMil$W1$xVenegono$y1$m2VA IV 3$j266520$B111167$CSeMilBibl$Z2$F121891 $81 961 $aOmaggio: Borgonovo don Gianantonio 996 $6020$a88-04-47659-1$9(OLS)http://semarc/number/75244 996 $6245$aGenesi e gli altri libri del Pentateuco$9(OLS)http://semarc/title/141761